The young entrepreneur's guide to business terms / (Record no. 77396)
[ view plain ]
| 000 -LEADER | |
|---|---|
| fixed length control field | 01015nam a2200301 a 4500 |
| 001 - CONTROL NUMBER | |
| control field | 77396 |
| 003 - CONTROL NUMBER IDENTIFIER | |
| rucl marc code | BD-RjUL |
| 005 - DATE AND TIME OF LATEST TRANSACTION | |
| control field | 20211209082951.0 |
| 008 - FIXED-LENGTH DATA ELEMENTS--GENERAL INFORMATION | |
| fixed length control field | 030211s2003 nyua d b 001 0 eng |
| 020 ## - INTERNATIONAL STANDARD BOOK NUMBER | |
| International Standard Book Number | 0531146650 |
| 035 ## - SYSTEM CONTROL NUMBER | |
| System control number | (BD-RjUL)77621 |
| 040 ## - CATALOGING SOURCE | |
| Original cataloging agency | DLC |
| Transcribing agency | DLC |
| Modifying agency | DLC |
| -- | BD-RjUL |
| Language of cataloging | eng |
| 041 ## - LANGUAGE CODE | |
| Language code of text/sound track or separate title | eng |
| 042 ## - AUTHENTICATION CODE | |
| Authentication code | pcc |
| -- | lcac |
| 082 00 - DEWEY DECIMAL CLASSIFICATION NUMBER | |
| Classification number | 650.03 |
| Edition number | 21 |
| Author mark and year | SCY 2003 |
| 100 1# - MAIN ENTRY--PERSONAL NAME | |
| Personal name | Schiffman, Stephan. |
| 9 (RLIN) | 241193 |
| 245 14 - TITLE STATEMENT | |
| Title | The young entrepreneur's guide to business terms / |
| Statement of responsibility, etc. | Stephan Schiffman. |
| 246 30 - VARYING FORM OF TITLE | |
| Title proper/short title | Guide to business terms |
| 260 ## - PUBLICATION, DISTRIBUTION, ETC. (IMPRINT) | |
| Place of publication, distribution, etc. | New York : |
| Name of publisher, distributor, etc. | Franklin Watts, |
| Date of publication, distribution, etc. | c2003. |
| 300 ## - PHYSICAL DESCRIPTION | |
| Pagination | 128 p. : |
| Illustrations | col. ill. ; |
| Size | 27 cm. |
| 504 ## - BIBLIOGRAPHY, ETC. NOTE | |
| Bibliography, etc | Includes bibliographical references and index. |
| 520 ## - SUMMARY, ETC. | |
| Summary, etc. | Includes definitions for an A to Z list of business terms that should be familiar to all potential entrepreneurs. |
| 650 #0 - SUBJECT ADDED ENTRY--TOPICAL TERM | |
| Topical term or geographic name as entry element | Business |
| Form subdivision | Dictionaries, Juvenile. |
| 9 (RLIN) | 241194 |
| Topical term or geographic name as entry element | Business |
| Form subdivision | Dictionaries. |
| 9 (RLIN) | 241195 |
| 942 ## - ADDED ENTRY ELEMENTS (KOHA) | |
| Source of classification or shelving scheme | Dewey Decimal Classification |
| Koha item type | Books |
| Lost status | Source of classification or shelving scheme | Damaged status | Not for loan | Permanent Location | Current Location | Shelving location | Date acquired | Source of acquisition | Total Checkouts | Full call number | Date last seen | Copy number | Koha item type |
|---|---|---|---|---|---|---|---|---|---|---|---|---|---|
| Dewey Decimal Classification | Not For Loan | Central Library, University of Rajshahi | Central Library, University of Rajshahi | Reading Room | 23/02/2020 | American Center Library, Dhaka | 650.03 SCY 2003 | 18/08/2020 | C-1 | Books |